Teória zásob a jej aplikácia v chemickej firme diplomová práca

Gespeichert in:
Bibliographische Detailangaben
1. Verfasser: Uhrík, Ondrej
Körperschaft: Fakulta hospodárskej informatiky EU. Katedra operačného výskumu a ekonometrie
Weitere Verfasser: Čemická, Katarína
Format: Buch
Sprache:Slowakisch
Veröffentlicht: Bratislava 2010
Tags: Tag hinzufügen
Keine Tags, Fügen Sie das erste Tag hinzu!

MARC

LEADER 00000nam a2200000 4500
001 0118862
005 20240318123606.0
041 0 |a slo 
044 |a SK 
245 1 0 |a Teória zásob a jej aplikácia v chemickej firme  |b diplomová práca  |c Ondrej Uhrík ; škol. Katarína Čemická 
264 1 |a Bratislava  |c 2010 
300 |a 61 s. 
100 1 |a Uhrík, Ondrej 
700 1 |a Čemická, Katarína 
710 2 |a Fakulta hospodárskej informatiky EU. Katedra operačného výskumu a ekonometrie